LDR 01181nam a2200241 4500 001 000000367335 003 CaOOAMICUS 005 20260423144535.0 008 260420s2016 it a 000 u ita r 020 $a978-88-8068-788-7 040 $aSeMil$bita 245 02$aI viaggi dello spirito :$b[le oasi della fede in Piemonte e Valle d'Aosta : santuari e basiliche, sacri monti, monasteri e conventi]. 264 1$aScarmagno (TO) :$bPriuli & Verlucca,$c2016. 300 $a159 p. :$bill. ;$c25 cm 650 4$aLuoghi santi - Piemonte.$0(OLS)http://semarc/subject/35376 650 4$aLuoghi santi - Valle d'Aosta.$0(OLS)http://semarc/subject/60085 850 $aSeMil 852 $aSeMil$W1$xVenegono$y1$m4Y IV 256$j270806$B258047$CSeMilBibl$Z2$F258047 $81 961 $aCaspani Maurizio - Lascito 996 $6020$a978-88-8068-788-7$9(OLS)http://semarc/number/305699 996 $6245$aI viaggi dello spirito :$b[le oasi della fede in Piemonte e Valle d'Aosta : santuari e basiliche, sacri monti, monasteri e conventi]$9(OLS)http://semarc/title/459243 996 $6264$aScarmagno (TO) :$bPriuli & Verlucca$9(OLS)http://semarc/publisher/56911